Moderná firma a skúmanie produktivity

Výroba alebo poskytovanie služieb ako predpoklad a následný výsledok ekonomických činností. Produktivita práce, výkonnosť stroja a pracovnej sily. Inovatívne riešena merania produktivity. Zvyšovanie produktivity, kvalita a bezpečnosť práce.

Saved in:
Bibliographic Details
Main Author: Puchá, Nikoleta
Other Authors: Onofrejová, Daniela
Format: Book Chapter
Language:Slovak
Subjects:
Tags: Add Tag
No Tags, Be the first to tag this record!

MARC

LEADER 00000naa a2200000 4500
001 0128118
005 20231006124328.0
041 0 |a slo 
044 |a SK 
245 1 0 |a Moderná firma a skúmanie produktivity  |c Nikoleta Puchá, Daniela Onofrejová 
520 |a Výroba alebo poskytovanie služieb ako predpoklad a následný výsledok ekonomických činností. Produktivita práce, výkonnosť stroja a pracovnej sily. Inovatívne riešena merania produktivity. Zvyšovanie produktivity, kvalita a bezpečnosť práce. 
610 2 0 |a produktivita práce 
610 2 0 |a faktory produktivity práce 
610 2 0 |a zvyšovanie produktivity 
610 2 0 |a rast produktivity práce 
610 2 0 |a meranie produktivity práce 
610 2 0 |a výkony pracovné 
610 2 0 |a kapitál ľudský 
610 2 0 |a konkurencia 
100 1 |a Puchá, Nikoleta 
700 1 |a Onofrejová, Daniela